INNOVATION SECRETS OF STEVE JOB (Record no. 26011)
[ view plain ]
| 000 -LEADER | |
|---|---|
| fixed length control field | 00310nam a2200121Ia 4500 |
| 008 - FIXED-LENGTH DATA ELEMENTS--GENERAL INFORMATION | |
| fixed length control field | 240624s9999 xx 000 0 und d |
| 041 ## - LANGUAGE CODE | |
| Language code of text/sound track or separate title | eng |
| 082 ## - DEWEY DECIMAL CLASSIFICATION NUMBER | |
| Classification number | 658.4063 GAL |
| 100 ## - MAIN ENTRY--PERSONAL NAME | |
| Personal name | GALLO CARMINE |
| 245 ## - TITLE STATEMENT | |
| Title | INNOVATION SECRETS OF STEVE JOB |
| 260 ## - PUBLICATION, DISTRIBUTION, ETC. | |
| Date of publication, distribution, etc. | 2014 |
| Place of publication, distribution, etc. | New delhi |
| Name of publisher, distributor, etc. | Tata McGraw - Hill |
| 365 ## - TRADE PRICE | |
| Currency code | RS |
| Price amount | 33 |
| Withdrawn status | Lost status | Damaged status | Not for loan | Home library | Current library | Shelving location | Date acquired | Source of acquisition | Cost, normal purchase price | Full call number | Barcode | Date last seen | Copy number | Price effective from | Koha item type |
|---|---|---|---|---|---|---|---|---|---|---|---|---|---|---|---|
| IMTN | IMTN | Rack 31-B | 12/02/2015 | VBC | 425.00 | 658.4063 GAL | 26011 | 06/24/2024 | 1 | 06/24/2024 | Books |